000 00521nam a2200217Ia 4500
003 OSt
005 20220928141625.0
006 a|||||r|||| 00| 0
007 ta
008 220927b |||||||| |||| 00| 0 eng d
024 _a16347
037 _cTextual
040 _aSDCL
_cSDCL
_beng
041 _2eng
_aeng
082 _aO142,3M99,1, K3
100 _aNabokov Vladimir
245 0 _aGift.
260 _c1963
942 _hO142,3M99,1, K3
_cTEXL
_2CC
999 _c818700
_d818700